000 00419nam a22001577a 4500
999 _c524563
_d524563
003 NUST
038 _aMr. Zahoor
082 _a620.005
100 _aAsad Shafiq
_915368
245 _aSTRESS MANAGEMENT IN R&D ORGANIZATIONS OF PAKISTAN /
_cAsad Shafiq
260 _aIslamabad :
_bCEME - NUST,
_c2014.
300 _a71 P. ;
500 _aHard cover.
600 _2Engineering Management - MS Thesis
942 _2ddc
_cTHE